1307 1910 1364 1768 1558 1878 1256 1278 1304 1943 1435 1203 1860 1760 1135 1508 1610 1330 1950 1200 1908 1176 1723 1148 1273 1440 1139 1872 1029 1784 1816 1608 1709 1400 1036 1166 1678 1108 1798 1428 1348 1779 1511 1487 1280 1706 1561 1522 1251 1929 1522 1231 1437 1601 1596 1304 1897 1431 1733 1949 1188 1109 1967 1019 1553 1506 1041 1276 1076 1713 1907 1617 1099 1210 1967 1846 1813 1904 1587 1998 1871 1215 1240 1390 1369 1990 1119 1079 1656 1051 1448 1777 1853 1039 1603 1579 1540 1385 1287 BCNSPRNW ULIB Ver.6.0+V

เปลี่ยนเป็นภาษาไทย

Change to English
 แสดงรายละเอียดบรรณานุกรม
  กลับหน้าหลัก

Brief Record : Get Marc (ISO 2709) : E-mail record : QR code < ปิดหน้าต่าง
LEADER : 00000nam 2200000uu 4500
001    13399121000
003     ULIB
008    020711s2547 th a 000 0 tha d
020    9741330235
050    HM^bจ158ส
100    จรัส สุวรรณเวลา
245    สังคมความรู้ ยุคที่2 /^cจรัส สุวรรณเวลา
250    พิมพ์ครั้งที่ 1
260    กรุงเทพฯ :^bศูนย์หนังสือจุฬาลงกรณ์มหาวิทยาลัย,^c2547
300    53 หน้า
650    สังคมความรู้
650    การบริหารความรู้
650    การวิจัย
945    ^p100^l0^i12759
945    ^p100^l0^i12760
945    ^p100^l0^i12761
945    ^p100^l0^i12762
999    ^aทศพร เกษรทอง
รายการนี้ยังไม่มีแท็ก
คุณยังไม่ได้ล็อกอิน คุณสามารถมีกิจกรรมร่วมกับเว็บไซต์ได้ แต่ต้องล็อกอินก่อน ::
  ล็อกอิน

รายการสื่อสารสนเทศ

ลำดับที่ ประเภท เลขเรียก/บาร์โค้ด สถานที่ สถานะ
1. วิทยาศาสตร์การแพทย์ และสุขภาพ
วิทยาศาสตร์การแพทย์ และสุขภาพ
HM จ158ส ฉ.1 
  Barcode: 12759
ห้องสมุดวิทยาเขตสวรรค์ประชารักษ์
►หนังสือทั่วไป
บนชั้น
2. วิทยาศาสตร์การแพทย์ และสุขภาพ
วิทยาศาสตร์การแพทย์ และสุขภาพ
HM จ158ส ฉ.2 
  Barcode: 12760
ห้องสมุดวิทยาเขตสวรรค์ประชารักษ์
►หนังสือทั่วไป
บนชั้น
3. วิทยาศาสตร์การแพทย์ และสุขภาพ
วิทยาศาสตร์การแพทย์ และสุขภาพ
HM จ158ส ฉ.3 
  Barcode: 12761
ห้องสมุดวิทยาเขตสวรรค์ประชารักษ์
►หนังสือทั่วไป
บนชั้น
4. วิทยาศาสตร์การแพทย์ และสุขภาพ
วิทยาศาสตร์การแพทย์ และสุขภาพ
HM จ158ส ฉ.4 
  Barcode: 12762
ห้องสมุดวิทยาเขตสวรรค์ประชารักษ์
►หนังสือทั่วไป
บนชั้น

รายการใกล้เคียง
    ผู้แต่ง [จรัส สุวรรณเวลา]

    หัวเรื่อง [การบริหารความรู้]
    หัวเรื่อง [การวิจัย]

BibComment


ยังไม่เคยถูกคอมเมนท์

คอมเมนท์ทรัพยากรรายการนี้
  คอมเมนท์: สังคมความรู้ ยุคท..


 Copyright 2026. Bcnsprnw @Library